มุมมองปกติ
มุมมองแบบ MARC
- ดวงพรรณ เอี่ยมจ้อย
รายการ Personal Name
001 - CONTROL NUMBER
- control field: 29643
003 - CONTROL NUMBER IDENTIFIER
- control field: NALT
005 - DATE AND TIME OF LATEST TRANSACTION
- control field: 20180726095048.0
008 - FIXED-LENGTH DATA ELEMENTS
- fixed length control field: 180726|| aca||aabn | a|a d
040 ## - CATALOGING SOURCE
- Original cataloging agency: NALT
100 ## - HEADING--PERSONAL NAME
- Personal name: ดวงพรรณ เอี่ยมจ้อย
